000 00543nam a2200157Ia 4500
999 _c28785
_d28785
003 GCL
005 20240530101928.0
008 140319s9999 xx 000 0 ara d
040 _aGCL /
_cGCL
082 0 4 _a212
_bم و
100 0 _aمحمد بن سعيد بن سالم القحطانى
245 1 0 _aالولاء والبراء فى الاسلام
_cمحمد بن سعيد بن سالم القحطانى
260 _a[S.N] :
_bالنور الاسلامية للطبع والنشر والتوزيع
300 _a478 ص
942 _2ddc
_cBK